000 00506pam a2200181 a 4500
020 _a0808923234
_c6422.00
041 _aeng
_hNULL
082 _a618
_bWOO/KEN
100 _aWOODWARD, P .
245 _aDIAGNOSTIC IMAGING OBSTETRICS /
_cNULL.
_hTextual Documents
260 _aNULL :
_bAMIRSYS, SOUNDERS, ELSEVIER ,
_c2005.
300 _a18-69 :
_bXXVIII ;
_cA4 .
365 _a6422.00
700 _aKENNEDY, A .
_aSOHAEDY, R .
930 _a4060
999 _c798594
_d798594
650 _aOBST.GYNE